=LDR 00000nam 2200000 4500 =001 INLIS000000000022685 =005 20130612121423 =008 ***********************************Ind** =035 ##$$0010-061300000022685 =041 ##$$a Ind =082 ##$$a 352 =090 ##$$a 352, Nor o =100 ##$$a Nordholt, Nico Schulte =245 ##$$a Ojo Dumeh, Kepemimpinan lokal dalam pembangunan pedesaan, Nico Shulte Nordholt =260 ##$$a 1987 $b Jakarta =300 ##$$a 556 hlm, ilus, 21 cm =650 ##$$a Pemerintahan Domeh =850 ##$$a NBPNMAT